Statistics for Last 8 Womens Tennis Grand Slam Winners

Click here to take the quiz!

General Stats

  • This quiz has been taken 77 times
  • The average score is 7 of 8

Answer Stats

eventplayer% Correct
2017 Australian OpenSerena Williams
99%
2018 US OpenNaomi Osaka
93%
2018 WimbledonAngelique Kerber
88%
2018 French OpenSimona Halep
88%
2017 WimbledonGarbiñe Muguruza
84%
2018 Australian OpenCaroline Wozniacki
82%
2017 French OpenJeļena Ostapenko
71%
2017 US OpenSloane Stephens
71%

Score Distribution

Percentile by Number Answered

Percent of People with Each Score

Your Score History

You have not taken this quiz